Principles and applications of electrical engineering

Circuits; Electronics; Electromechanics

Wedi'i Gadw mewn:
Manylion Llyfryddiaeth
Prif Awdur: Rizzoni, Giorgio.
Fformat: Llyfr
Iaith:English
Cyhoeddwyd: Boston : McGraw-Hill, 2000.
Rhifyn:3rd ed .
Pynciau:
Tagiau: Ychwanegu Tag
Dim Tagiau, Byddwch y cyntaf i dagio'r cofnod hwn!
Thư viện lưu trữ: Mạng thư viện Đại học Đà Nẵng
LEADER 01230cmm a2200361 i 4500
001 000044408
003 2783
005 20060120170205.0
008 010314d2000 vm 000 eng
020 |a 0073654671 
040 |a LRC  |c LRC  |d LRC 
041 0 |a eng 
082 0 4 |a 621.3  |2 21  |b RI-G 
100 1 |a Rizzoni, Giorgio. 
245 1 0 |a Principles and applications of electrical engineering  |h [Computer file] /  |c Giorgio Rizzoni. 
250 |a 3rd ed . 
260 |a Boston :  |b McGraw-Hill,  |c 2000. 
300 |a 1 computer disk :  |b ill. col. ;  |c 4 3/4 in. +  |e 1 book. (xvi, 976 p. : ill. ; 26 cm.). 
520 3 |a Circuits; Electronics; Electromechanics 
630 0 4 |a Electrical engineering. 
650 0 4 |a Electrical engineering. 
OWN |a DUT 
AVA |a UDN50  |b DUT  |c Visual  |d 621.3 RI-G  |e available  |t Error 5001 Not defined in file expand_doc_bib_avail.  |f 3  |g 0  |h N  |i 0  |j AV  |k 1 
999 |a From the UDN01 
AVA |a UDN50  |b DUT  |c Visual  |d 621.3 RI-G  |e available  |t Error 5001 Not defined in file expand_doc_bib_avail.  |f 3  |g 0  |h N  |i 0  |j AV  |k 1 
TYP |a Computer file 
TYP |a Monograph 
980 |a Mạng thư viện Đại học Đà Nẵng